The Art & Science of online marketing (Record no. 941556)

MARC details
000 -LEADER
fixed length control field 00320nam a2200109Ia 4500
008 - FIXED-LENGTH DATA ELEMENTS--GENERAL INFORMATION
fixed length control field 231129s2015 xx 000 0 und d
041 ## - LANGUAGE CODE
Language code of text/sound track or separate title eng
100 ## - MAIN ENTRY--PERSONAL NAME
Personal name Brandon eley
245 ## - TITLE STATEMENT
Title The Art & Science of online marketing
250 ## - EDITION STATEMENT
Edition statement 2015 Ed
260 ## - PUBLICATION, DISTRIBUTION, ETC.
Place of publication, distribution, etc. Shroff Publishers Ltd. Mumbai
Name of publisher, distributor, etc. Shroff Publishers Ltd. Mumbai
Date of publication, distribution, etc. 2015
Holdings
Withdrawn status Lost status Damaged status Not for loan Home library Current library Date acquired Cost, normal purchase price Total Checkouts Barcode Date last seen Price effective from Koha item type
        Department of Management Studies (Off Campus) , Navi Mumbai Department of Management Studies (Off Campus) , Navi Mumbai 30/11/2023 425.00   DMM-PG3525 30/11/2023 30/11/2023 Book